00631nam a2200205Ia 4500003000900000008004100009020002200050040001600072080002100088245011000109260004200219300001500261650002700276650000900303650001600312650001500328700002600343700002700369700002900396IN-BaIIA211028s9999 xx 000 0 eng d a978-3-527-41037-8 cIIA Library a524.64(082)bREL 0aRelativistic jets from active galactic nucleicedited by Markus Bottcher, D. E. Harris and H. Krawczynski aWeinheimbWiley-VCH Verlag Gmbhc2012 axvi, 406p. aActive galactic nuclei aJets aJets in AGN aThe Galaxy aBottcher, Markus, ed. aHarris, Daniel E., ed. aKrawczynski, Henric, ed.